Grito de mujer /
Versión moderna de la tragedia "Medea" de Eurípides, realizada por Mikos Volonakis y protagonizada por Melina Mercouri y Ellen Burstyn.
Guardado en:
| Autor Principal: | |
|---|---|
| Formato: | |
| Materias: | |
| Etiquetas: |
Agregar Etiqueta
Sin Etiquetas, Sea el primero en etiquetar este registro!
|
| LEADER | 00812ngm a22002295g 4500 | ||
|---|---|---|---|
| 001 | CEM.cems022076 | ||
| 008 | 130507b1994##################0###0#####d | ||
| 005 | 20241003153911.0 | ||
| 245 | 1 | 0 | |a Grito de mujer / |c Mikos Volonakis. |
| 300 | |a 102'. | ||
| 500 | |a En soporte VHS, consultar en ventanilla. | ||
| 520 | |a Versión moderna de la tragedia "Medea" de Eurípides, realizada por Mikos Volonakis y protagonizada por Melina Mercouri y Ellen Burstyn. | ||
| 538 | |a Soporte: VHS - Norma: Pal N - Color - Grabación DRD 1994 - Hitachi=0000 | ||
| 100 | 1 | |a Volonakis, Mikos | |
| 082 | 8 | 8 | |/ VOL |
| 653 | |a LITERATURA | ||
| 653 | |a CINE | ||
| 653 | |a TRAGEDIA GRIEGA | ||
| 653 | |a MEDEA | ||
| 653 | |a EURIPIDES | ||
| 653 | |a NIVEL SECUNDARIO | ||
| 859 | |a CEMS |b BIB. CEMS - Depto. Recursos Didacticos |h 882 |i VOL |k DRD |p 719.12 |t Ej.1 | ||
